Normal view
MARC view
- Wright, Victor E.
Entry Personal Name
001 - CONTROL NUMBER
- control field: 40514
003 - CONTROL NUMBER IDENTIFIER
- control field: NUST
005 - DATE AND TIME OF LATEST TRANSACTION
- control field: 20210314131802.0
008 - FIXED-LENGTH DATA ELEMENTS
- fixed length control field: 210314|| aca||aabn | a|a d
040 ## - CATALOGING SOURCE
- Original cataloging agency: NUST
- Transcribing agency: NUST
100 ## - HEADING--PERSONAL NAME
- Personal name: Wright, Victor E.
670 ## - SOURCE DATA FOUND
- Source citation: Work cat.: (NUST): Wright, Victor E.,, The best book of AutoCAD /, c1991.
